skbl

Dr Suryya Kumar Bhuyan Library Web-OPAC
ডঃ সূৰ্য্য
কুমাৰ ভূঞা পুথিভঁৰাল ৱেব-অ'পেক

All Research Scholars are advised to clear the annual library fees to continue using Library Resources, Remote Access, Plagiarism Test and Library Clearance.

Cotton University Book Fair 2026

Organic Syntheses / (Record no. 5498)

MARC details
000 -LEADER
fixed length control field 00674nam a2200241Ia 4500
001 - CONTROL NUMBER
control field 5511
008 - FIXED-LENGTH DATA ELEMENTS--GENERAL INFORMATION
fixed length control field 150219s1988 ii g b000 u 465 u
020 ## - INTERNATIONAL STANDARD BOOK NUMBER
International Standard Book Number 0-87692-556-5
082 ## - DEWEY DECIMAL CLASSIFICATION NUMBER
Classification number 547.2
100 ## - MAIN ENTRY--PERSONAL NAME
Personal name Ireland, Robert E. .
245 #0 - TITLE STATEMENT
Title Organic Syntheses /
Statement of responsibility, etc. Robert E. Ireland.
Medium Textual Documents
250 ## - EDITION STATEMENT
Edition statement 1st ed. /
260 ## - PUBLICATION, DISTRIBUTION, ETC.
Place of publication, distribution, etc. New Delhi :
Name of publisher, distributor, etc. Prentice-Hall of India(Pvt Ltd) ,
Date of publication, distribution, etc. 1988.
300 ## - PHYSICAL DESCRIPTION
Extent xi, 147p. ;
Dimensions 22cm.
504 ## - BIBLIOGRAPHY, ETC. NOTE
Bibliography, etc. note Index
653 ## - INDEX TERM--UNCONTROLLED
Uncontrolled term Chemistry
653 ## - INDEX TERM--UNCONTROLLED
Uncontrolled term Organic Syntheses
653 ## - INDEX TERM--UNCONTROLLED
Uncontrolled term Organic Chemistry
653 ## - INDEX TERM--UNCONTROLLED
Uncontrolled term PG-Chemistry
653 ## - INDEX TERM--UNCONTROLLED
Uncontrolled term G- Che
856 ## - ELECTRONIC LOCATION AND ACCESS
Uniform Resource Identifier <a href="Acc no 86547 Shifted From PG Sec to General Sec">Acc no 86547 Shifted From PG Sec to General Sec</a>
942 ## - ADDED ENTRY ELEMENTS (KOHA)
Source of classification or shelving scheme Dewey Decimal Classification
Koha item type Books
Holdings
Withdrawn status Lost status Damaged status Not for loan Home library Current library Shelving location Date acquired Coded location qualifier Total checkouts Full call number Barcode Date last seen Copy number Price effective from Koha item type
        Dr. Suryya Kumar Bhuyan Library Dr. Suryya Kumar Bhuyan Library   01/02/2012 00000   547.2 Ir 2 Or 86547 13/01/2024 1 01/02/2012 Books

Designed and Maintained by Team SKBL
©1901-2026

Powered by Koha